Influencia del uso de la tecnología en el desarrollo económico y social de Palmor, Sierra Nevada de Santa Marta (Registro nro. 90191)

Detalles MARC
000 -CABECERA
campo de control de longitud fija 00817nam a2200217Ia 4500
001 - NÚMERO DE CONTROL
campo de control 90191
003 - IDENTIFICADOR DEL NÚMERO DE CONTROL
campo de control 169246
005 - FECHA Y HORA DE LA ÚLTIMA TRANSACCIÓN
campo de control 20250815062542.0
008 - DATOS DE LONGITUD FIJA--INFORMACIÓN GENERAL
campo de control de longitud fija ||||||n9999 ||| || ||
082 ## - NÚMERO DE LA CLASIFICACIÓN DECIMAL DEWEY
Número de clasificación 600
245 #0 - MENCIÓN DE TÍTULO
Título Influencia del uso de la tecnología en el desarrollo económico y social de Palmor, Sierra Nevada de Santa Marta
562 ## - NOTA DE IDENTIFICACIÓN DE LA COPIA Y VERSIÓN
Número de copias 1
650 ## - PUNTO DE ACCESO ADICIONAL DE MATERIA--TÉRMINO DE MATERIA
Término de materia o nombre geográfico como elemento de entrada DESARROLLO SOCIAL Y ECONOMICO
9 (RLIN) 94800
650 ## - PUNTO DE ACCESO ADICIONAL DE MATERIA--TÉRMINO DE MATERIA
Término de materia o nombre geográfico como elemento de entrada ESCUELA SUPERIOR DE ADMINISTRACIÓN PÚBLICA (ATLÁNTICO)--TESIS Y DISERTACIONES ACADÉMICAS
9 (RLIN) 58699
650 #0 - PUNTO DE ACCESO ADICIONAL DE MATERIA--TÉRMINO DE MATERIA
Término de materia o nombre geográfico como elemento de entrada ESPECIALIZACIÓN EN GESTIÓN Y PLANIFICACIÓN DEL DESARROLLO URBANO Y REGIONAL (ATLÁNTICO)
9 (RLIN) 77067
650 ## - PUNTO DE ACCESO ADICIONAL DE MATERIA--TÉRMINO DE MATERIA
Término de materia o nombre geográfico como elemento de entrada GESTION TECNOLOGICA
9 (RLIN) 107952
650 #0 - PUNTO DE ACCESO ADICIONAL DE MATERIA--TÉRMINO DE MATERIA
Término de materia o nombre geográfico como elemento de entrada Producción cafetera
9 (RLIN) 103968
650 #0 - PUNTO DE ACCESO ADICIONAL DE MATERIA--TÉRMINO DE MATERIA
Término de materia o nombre geográfico como elemento de entrada Productividad
9 (RLIN) 89
650 ## - PUNTO DE ACCESO ADICIONAL DE MATERIA--TÉRMINO DE MATERIA
Término de materia o nombre geográfico como elemento de entrada SISTEMA DE PRODUCCION
9 (RLIN) 5590
942 ## - ELEMENTOS DE PUNTO DE ACCESO ADICIONAL (KOHA)
Tipo de ítem Koha Tesis
Existencias
Estado de retiro Estado de pérdida Estado dañado No para préstamo Código de colección Localización permanente Ubicación/localización actual Fecha de adquisición Coste, precio normal de compra Signatura topográfica completa Código de barras Número de copia Tipo de ítem Koha
  Perdido     Trabajos de Grado Barranquilla - Sede Atlántico-Magdalena-Cesar-Guajira Barranquilla - Sede Atlántico-Magdalena-Cesar-Guajira 14/11/2023 0.00 ATL002 1999 ATL7102 1 Tesis